ბათუმის შოთა რუსთაველის სახელმწიფო უნივერსიტეტის ბიბლიოთეკა

Античная расписная керамика из собрания Государственного музея изобразительных искусств им. А.С. Пушкина / (ბიბ.ჩანაწერი № 61038)

000 -LEADER
fixed length control field 00890nam a22001817a 4500
005 - DATE AND TIME OF LATEST TRANSACTION
control field 20231211151156.0
008 - FIXED-LENGTH DATA ELEMENTS--GENERAL INFORMATION
fixed length control field 231211s1985 ru ||||| |||| 00| 0 rus d
041 ## - LANGUAGE CODE
Language code of text/sound track or separate title rus
080 ## - UNIVERSAL DECIMAL CLASSIFICATION NUMBER
Universal Decimal Classification number 738.071.2 C-34
100 ## - MAIN ENTRY--PERSONAL NAME
Personal name Сидорова, Н.А.
9 (RLIN) 20090
245 ## - TITLE STATEMENT
Title Античная расписная керамика из собрания Государственного музея изобразительных искусств им. А.С. Пушкина /
Statement of responsibility, etc. Н.А. Сидорова, О.В. Тугушева, В.С. Забелина.
264 ## - PRODUCTION, PUBLICATION, DISTRIBUTION, MANUFACTURE, AND COPYRIGHT NOTICE
Place of production, publication, distribution, manufacture Москва :
Name of producer, publisher, distributor, manufacturer Искусство,
Date of production, publication, distribution, manufacture, or copyright notice 1985.
300 ## - PHYSICAL DESCRIPTION
Extent 80 c. :
Other physical details ил.;
Dimensions 35 см.
653 ## - INDEX TERM--UNCONTROLLED
keyword ანტიკური მოხატული ჭურჭელი
700 ## - ADDED ENTRY--PERSONAL NAME
Personal name Тугушева, О.В.
Relator term ავტორი
9 (RLIN) 20655
700 ## - ADDED ENTRY--PERSONAL NAME
Personal name Забелина, В.С.
Relator term ავტორი
9 (RLIN) 20656
942 ## - ADDED ENTRY ELEMENTS (KOHA)
Source of classification or shelving scheme
Koha item type წიგნი
ეგზემპლარები
Withdrawn status Lost status Source of classification or shelving scheme Damaged status Not for loan Permanent Location Current Location Shelving location Date acquired Cost, normal purchase price Full call number Barcode Date last seen Copy number Uniform Resource Identifier Price effective from Koha item type Public note
          ბათუმის შოთა რუსთაველის სახელმწიფო უნივერსიტეტის მთავარი ბიბლიოთეკა ბათუმის შოთა რუსთაველის სახელმწიფო უნივერსიტეტის მთავარი ბიბლიოთეკა წიგნსაცავი 2023-12-11 12.00 738.071.2 C-34 65563 2023-12-11 65563 ბსუ-ს საპატიო დოქტორის გურამ ლორთქიფანიძის საჩუქარი 2023-12-11 წიგნი 12 ლ.